LEADER 01163nam a2200277 i 4500 001 000000144573 003 CaOOAMICUS 005 20051104000000.0 008 051104s1980 it u000 u ita u 013 $a119931 040 $aSeMil$bita 100 1 $aShaw, George Bernard,$d<1856-1950>.$0(OLS)http://semarc/name/8634 245 13$aIl Maggiore Barbara /$cGeorge Bernard Shaw ; traduzione di Paola Ojetti ; introduzione di Paolo Bertinetti. 260 $aMilano :$bArnoldo Mondadori Editore,$c1980. 300 $a201 p. ;$c19 cm. 490 0 $aGli Oscar Mondadori. Poesia e teatro ;$v1251 500 $aFondo Ciprandi. 700 1 $aBertinetti, Paolo,$d<1944- >.$0(OLS)http://semarc/name/17214 700 1 $aOjetti, Paola.$0(OLS)http://semarc/name/17360 830 0$aOscar. Poesia e teatro ;$v1251.$0(OLS)http://semarc/title/8469 850 $aSeMil 852 $aSeMil$W1$xVenegono$y1$m1V I 54$j97472$B97472$CSeMilBibl$Z2$F105295 $81 941 1 $a1 961 $aOmaggio: Ciprandi dott. Paolo 996 $6245$aIl Maggiore Barbara$9(OLS)http://semarc/title/211454 996 $6260$aMilano :$bArnoldo Mondadori Editore$9(OLS)http://semarc/publisher/30056 LEADER 01185nam a2200277 i 4500 001 000000065949 003 CaOOAMICUS 005 20131121000000.0 008 131121s2013 it u000 u ita u 013 $a37121 020 $a978-88-498-3895-4 040 $aSeMil$bita 100 1 $aPersico, Alessandro Angelo,$d<1980- >.$0(OLS)http://semarc/name/33130 245 10$aPasquale Saraceno :$bun progetto per l'Italia /$cAlessandro Angelo Persico ; introduzione di Piero Barucci. 260 $aSoveria Mannelli :$bRubbettino,$c2013. 300 $aXVII, 659 p. ;$c23 cm. 490 0 $aSaggi 650 4$aSaraceno, Pasquale.$0(OLS)http://semarc/subject/12847 700 1 $aBarucci, Piero,$d<1933- >.$0(OLS)http://semarc/name/11472 830 0$aSaggi.$0(OLS)http://semarc/title/341 850 $aSeMil 852 $aSeMil$W1$xVenegono$y1$m3M IV 227$j32102$B32102$CSeMilBibl$Z2$F32105 $81 961 $aOmaggio: Delpini mons. Mario 996 $6020$a978-88-498-3895-4$9(OLS)http://semarc/number/43439 996 $6245$aPasquale Saraceno :$bun progetto per l'Italia$9(OLS)http://semarc/title/104771 996 $6260$aSoveria Mannelli :$bRubbettino$9(OLS)http://semarc/publisher/32145